| 000 | 00790cam a22002657a 4500 | ||
|---|---|---|---|
| 001 | 13593069 | ||
| 005 | 20180213034958.0 | ||
| 008 | 040514s2005 maua b 001 0 eng d | ||
| 010 | _a 2004107371 | ||
| 020 | _a0312436262 | ||
| 020 | _a0312438745 | ||
| 035 | _a(CStRLIN)PASGA2800964-B | ||
| 040 |
_aPSt _cPSt _dDLC |
||
| 041 | _aeng | ||
| 042 | _alccopycat | ||
| 080 | _a808.042711 BAR | ||
| 082 | 0 | 0 |
_a808.042711 BAR _222 |
| 100 | 1 | _a47 | |
| 101 | _aEDU | ||
| 245 | 1 | 0 |
_aFrom critical thinking to argument : _cSylvan Barnet, Hugo Bedau. |
| 504 | _aIncludes bibliographical references and index. | ||
| 906 |
_a7 _bcbc _ccopycat _d2 _eepcn _f20 _gy-gencatlg |
||
| 942 |
_2ddc _cBK |
||
| 999 |
_c42345 _d42345 |
||